|
|
|
|
| LEADER |
01212nam a2200337 a 4500 |
| 001 |
000384836 |
| 003 |
CZ BrMZK |
| 005 |
20090112061507.0 |
| 008 |
990218s1998 xr e p cze d |
| 015 |
|
|
|a cnb000648770
|
| 020 |
|
|
|a 80-7083-323-8
|
| 035 |
|
|
|a (OCoLC)41831560
|
| 040 |
|
|
|a BOA001
|b cze
|
| 080 |
|
|
|a 339.9
|2 MRF
|
| 080 |
|
|
|a 339.92
|2 MRF
|
| 080 |
|
|
|a 316.423
|2 MRF
|
| 080 |
|
|
|a (075.8)
|2 MRF
|
| 100 |
1 |
|
|a Kraft, Jiří,
|d 1956-
|7 xx0001724
|4 aut
|
| 245 |
1 |
0 |
|a Světová ekonomika a ekonomická integrace /
|c Jiří Kraft
|
| 250 |
|
|
|a Vyd. 1.
|
| 260 |
|
|
|a Liberec :
|b Technická univerzita v Liberci,
|c 1998
|
| 300 |
|
|
|a 159 s. ;
|c 21 cm
|
| 500 |
|
|
|a Určeno pro posl. 3. a 4. roč. fak. hosp. Techn. univ. v Liberci. - Bibliogr.
|
| 650 |
0 |
7 |
|a světová ekonomika
|7 ph116359
|2 czenas
|
| 650 |
0 |
7 |
|a ekonomická integrace
|7 ph119825
|2 czenas
|
| 650 |
0 |
7 |
|a globální problémy
|7 ph114633
|2 czenas
|
| 655 |
|
7 |
|a učebnice vysokých škol
|7 fd133772
|2 czenas
|
| 710 |
2 |
|
|a Technická univerzita v Liberci.
|b Hospodářská fakulta
|7 kn20010709338
|
| 910 |
|
|
|a BOA001
|b TK-0264.568
|
| 990 |
|
|
|a BK
|
| 996 |
7 |
|
|b 2620013570
|c TK-0264.568
|l MZK
|r Sklad / do 24 hodin
|n 6
|p dar
|w 000384836
|u 000010
|a 1
|e BOA001
|j MZK50
|s A
|